| 000 | 00371nam a2200145Ia 4500 | ||
|---|---|---|---|
| 008 | 200103s9999||||xx |||||||||||||| ||und|| | ||
| 020 | _a0851742521, | ||
| 040 | _aIMU-MPC | ||
| 082 | _aColumn-14 | ||
| 100 | _aKlinkert, J. | ||
| 245 | 0 | _aCompass-Wise or getting to know tour compass | |
| 260 |
_bBrown, Son and Ferguson, Ltd. _c1976 |
||
| 300 | _avii, 191 | ||
| 942 | _cBK | ||
| 999 |
_c5493 _d5493 |
||